000 00363nam a2200145Ia 4500
005 20251222151306.0
008 251222s9999||||xx |||||||||||||| ||spa||
020 _a9788497347822
082 _a800/R76
100 _aRodríguez-Vila, José Miguel
245 0 _aCuestión de Ricos
250 _a1ra. ed.
264 _bLa Esfera de los Libros, S.L.
942 _cLIB
999 _c23165
_d23165